Catalog

Record Details

Catalog Search



Praxe dlouhodobých poradenských a seberozvojových skupin  Cover Image Book Book

Praxe dlouhodobých poradenských a seberozvojových skupin / Leona Němcová, Jan Svoboda

Summary:

Cílem knihy je přispět k profesionálnějšímu vedení těchto skupin, aby přinášely sledovatelný efekt a snížilo se riziko dezintegrace účastníků. Text vychází z více než dvacetileté praxe a zkušeností obou autorů se skupinovým poradenstvím.

Record details

  • ISBN: 978-80-7553-253-4
  • Physical Description: 185 stran : ilustrace ; 20 cm
  • Edition: 1. vydání
  • Publisher: V Praze : Stanislav Juhaňák - Triton, 2017

Content descriptions

Bibliography, etc. Note:
Obsahuje bibliografii a rejstřík
Language Note:
České a anglické resumé
Subject: sociální práce se skupinou
skupinová psychoterapie
facilitace
psychologické poradenství
rozvoj osobnosti
social work with groups
group psychotherapy
group facilitation
psychological counseling
personality development
Genre: kolektivní monografie
collective monographs

Available copies

  • 1 of 1 copy available at Common Catalog SPOK.

Holds

  • 0 current holds with 1 total copy.
Show Only Available Copies
Location Call Number / Copy Notes Barcode Shelving Location Status Due Date
Jabok Library Psy-9.7/N 424480039616 Odborná literatura Available -

LDR 03085nam a2200805 i 4500
00124694
003CZ-PrJAB
00520170626075623.0
007ta
008170215s2017 xr a f 001 0 cze
015 . ‡acnb002880739
020 . ‡a978-80-7553-253-4 ‡q(brožováno)
035 . ‡a(CZ PrSKC)nkc20172880739
035 . ‡a(OCoLC)987020063
040 . ‡aABA001 ‡bcze ‡dBOA001 ‡erda
0410 . ‡acze ‡bcze ‡beng
072 7. ‡a364-1/-7 ‡xDruhy sociální pomoci a služeb ‡2Konspekt ‡918
080 . ‡a364-785.24 ‡2MRF
080 . ‡a615.851.6 ‡2MRF
080 . ‡a316.776.2 ‡2MRF
080 . ‡a364-78 ‡2MRF
080 . ‡a159.98:659.24 ‡2MRF
080 . ‡a159.923.5 ‡2MRF
080 . ‡a(048.8:082) ‡2MRF
1001 . ‡aNěmcová, Leona ‡7osd2015891626 ‡4aut
24510. ‡aPraxe dlouhodobých poradenských a seberozvojových skupin / ‡cLeona Němcová, Jan Svoboda
250 . ‡a1. vydání
264 1. ‡aV Praze : ‡bStanislav Juhaňák - Triton, ‡c2017
300 . ‡a185 stran : ‡bilustrace ; ‡c20 cm
336 . ‡atext ‡btxt ‡2rdacontent
337 . ‡abez média ‡bn ‡2rdamedia
338 . ‡asvazek ‡bnc ‡2rdacarrier
504 . ‡aObsahuje bibliografii a rejstřík
520 . ‡aCílem knihy je přispět k profesionálnějšímu vedení těchto skupin, aby přinášely sledovatelný efekt a snížilo se riziko dezintegrace účastníků. Text vychází z více než dvacetileté praxe a zkušeností obou autorů se skupinovým poradenstvím.
546 . ‡aČeské a anglické resumé
65007. ‡asociální práce se skupinou ‡7ph280131 ‡2czenas
65007. ‡askupinová psychoterapie ‡7ph116166 ‡2czenas
65007. ‡afacilitace ‡7ph698873 ‡2czenas
65007. ‡apsychologické poradenství ‡7ph124805 ‡2czenas
65007. ‡arozvoj osobnosti ‡7ph194683 ‡2czenas
65009. ‡asocial work with groups ‡2eczenas
65009. ‡agroup psychotherapy ‡2eczenas
65009. ‡agroup facilitation ‡2eczenas
65009. ‡apsychological counseling ‡2eczenas
65009. ‡apersonality development ‡2eczenas
655 7. ‡akolektivní monografie ‡7fd501537 ‡2czenas
655 9. ‡acollective monographs ‡2eczenas
7001 . ‡aSvoboda, Jan, ‡d1957- ‡7jn20000620348 ‡4aut
910 . ‡aABG312
9289 . ‡aTriton
901 . ‡a24694 ‡b ‡c24694 ‡tbiblio

Additional Resources